00587nam a2200217 a 4500001001300000003000900013005001700022008004100039020000800080082001300088100002100101245001800122260003400140300000900174500003500183505001300218902000800231942000700239952010600246999001700352nice12345678IN_TiNIC20260116014939.0050524s1971 newa grp 000 0 eng  ac000a150bCAM aCampbell, Joseph aPortable Jung aNew YorkbPenguin Booksc1971 a704p aincludes index and biblioraphy2 aAppendix bSRS cBK 00104070aHMIbHMId2005-05-24g0.00l1o150 CAMp11001257r2017-02-10s2017-01-31w2026-01-16yEB c17666d17666